Pobreza y riqueza en los Evangelios (Record no. 105181)

MARC details
000 -LEADER
campo de control de longitud fija 00805nam a22002411 4500
001 - NÚMERO DE CONTROL
campo de control 105181
003 - IDENTIFICADOR DE NÚMERO DE CONTROL
campo de control ES-MaACL
005 - FECHA Y HORA DE LA ÚLTIMA TRANSACCIÓN
campo de control 20230906183815.0
007 - CAMPO FIJO DE DESCRIPCIÓN FÍSICA--INFORMACIÓN GENERAL
campo de control de longitud fija t|
008 - DATOS DE LONGITUD FIJA--INFORMACIÓN GENERAL
campo de control de longitud fija 060615s1963 sp ||||0| spa d
016 7# - NÚMERO DE CONTROL DE UNA AGENCIA BIBLIOGRÁFICA NACIONAL
Número de control cancelado/no válido IND9200523475
040 ## - FUENTE DE CATALOGACIÓN
Centro catalogador/agencia de origen M-BN
Lengua de catalogación spa
Centro/agencia transcriptor A2
080 ## - NÚMERO DE LA CLASIFICACIÓN DECIMAL UNIVERSAL
Número de la Clasificación Decimal Universal 226.4.07
100 1# - ENTRADA PRINCIPAL--NOMBRE DE PERSONA
Nombre de persona López Melús, Francisco María.
9 (RLIN) 73775
245 10 - MENCIÓN DEL TÍTULO
Título Pobreza y riqueza en los Evangelios
Resto del título : San Lucas, el evangelista de la pobreza /
Mención de responsabilidad, etc. Francisco Mª López Melús.
260 ## - PUBLICACIÓN, DISTRIBUCIÓN, ETC.
Lugar de publicación, distribución, etc. Madrid :
Nombre del editor, distribuidor, etc. Studium,
Fecha de publicación, distribución, etc. [1963] (
Fabricante Bolaños y Aguilar)
300 ## - DESCRIPCIÓN FÍSICA
Extensión XL, 237 p., 1 h ;
Dimensiones 20 cm.
490 1# - MENCIÓN DE SERIE
Mención de serie Bíblicas ;
Designación de volumen o secuencia 28
630 #0 - PUNTO DE ACCESO ADICIONAL DE MATERIA--TÍTULO UNIFORME
Título uniforme Biblia.
Nombre de parte o sección de la obra N.T.
-- Evangelio según Lucas-
Subdivisión de forma Comentarios.
9 (RLIN) 119296
830 0# - PUNTO DE ACCESO ADICIONAL DE SERIE-TÍTULO UNIFORME
Título uniforme Bíblicas ;
Designación de volumen o secuencia 28
9 (RLIN) 231001
852 ## - LOCALIZACIÓN
Ubicación ES-MaACL
Número de control de estantería C-23886
Sublocalización o colección R.52234
Holdings
Estatus retirado Estado de pérdida Estado de daño No para préstamo Biblioteca de origen Biblioteca actual Ubicación en estantería Fecha de adquisición Fuente de adquisición Total de préstamos Signatura topográfica completa Código de barras Visto por última vez Precio de reemplazo Tipo de ítem Koha
        Biblioteca del Ateneo de Madrid Biblioteca del Ateneo de Madrid Depósito 2 17/01/2008     C-23886 1109811 23/02/2023 23/02/2023 Libro impreso